| 000 | 00350nam a2200133Ia 4500 | ||
|---|---|---|---|
| 008 | 230917s9999||||xx |||||||||||||| ||und|| | ||
| 040 |
_e90973 _aMAIN |
||
| 041 | _aEnglish | ||
| 082 | _a615.842 V519M | ||
| 100 | _aVeena Singh | ||
| 245 | 0 | _aMeasurement of lateral ventricle size byultrasongraphy in pre-term infants | |
| 300 | _a69 p. | ||
| 942 | _cTH | ||
| 999 |
_c86743 _d86743 |
||